00573nam a2200157 a 450000100100000000500170001000800410002704000250006808200150009324501230010825000110023126000490024230000360029170000490032770000390037600004541120250204073952.0150306s2013 dr 000 0 spa d aDO-SdBNPbspacBNPHU axxxxbxxxx00aJuan Pablo Duarte :bescritos /crecopilados por el Dr. Mariano Lebron Saviñon ; prólogo Pedro Troncoso Sánchez. a5a ed. aSanto Domingo :bInstituto Duartiano,c2013. a129 p. :bil., retrs. ;c21 cm.12aLebrón Saviñon, Marianod1922-2014erec.12aTroncoso Sánchez, Pdro,epról.